Prähistorische Getreidefunde : eine Anleitung zur Bestimmung prähistorischer Gersten-und Weizen- Funde /
محفوظ في:
المؤلف الرئيسي:
مؤلف مشترك:
التنسيق: كتاب
اللغة: German
منشور في:
Basel :
Botanisches Institut der Universität,
1987.
الموضوعات:
الوسوم: إضافة وسم
لا توجد وسوم, كن أول من يضع وسما على هذه التسجيلة!
رقم الطلب: SB71 .J25
| LEADER | 00811nam a22002297a 4500 | ||
|---|---|---|---|
| 003 | OSt | ||
| 005 | 20251124113610.0 | ||
| 008 | 251124t1987 sz a 000 0 ger d | ||
| 040 | |c ARCE Library | ||
| 050 | 1 | 4 | |a SB71 |b .J25 |
| 100 | 1 | |a Jacomet, Stefanie. | |
| 245 | 1 | 0 | |a Prähistorische Getreidefunde : |b eine Anleitung zur Bestimmung prähistorischer Gersten-und Weizen- Funde / |c Stefanie Jacomet., Universität Basel. Botanisches Institut. |
| 264 | 1 | |a Basel : |b Botanisches Institut der Universität, |c 1987. | |
| 300 | |a 69 Leaves : |b ill. ; |c 30 cm. | ||
| 500 | |a Photocopy. | ||
| 650 | 0 | |a Agriculture, Prehistoric. | |
| 650 | 0 | |a Crops -- History. | |
| 650 | 0 | |a Plants, Cultivated -- Evolution. | |
| 710 | 2 | |a Universität Basel. Botanisches Institut. | |
| 901 | |a reviewed | ||
| 942 | |2 lcc |c BK | ||
| 999 | |c 49262 |d 49262 | ||
